Proyecto experimentación en educación matemática: 7º año ens. básica: material curricular: texto del alumno
Uloženo v:
| Korporace: | , |
|---|---|
| Médium: | Kniha |
| Jazyk: | španělština |
| Vydáno: |
Santiago
C.P.E.I.P
1980
|
| Témata: | |
| Tagy: |
Přidat tag
Žádné tagy, Buďte první, kdo vytvoří štítek k tomuto záznamu!
|
MARC
| LEADER | 00000nam a2200000 a 4500 | ||
|---|---|---|---|
| 001 | UCW1536 | ||
| 003 | CL-VaPUC | ||
| 008 | 920729e19800000CL |||||||||||||||||spa|d | ||
| 082 | 0 | 4 | |a 372.7 |b CEN |2 21 |
| 110 | 2 | |a Centro de Perfeccionamiento, Experimentación e Investigaciones Pedagógicas. Departamento de Matemáticas, Chile |e author |9 305558 | |
| 710 | 2 | |a Proyecto de Experimentación en Educación Matemática, Chile |e author |9 305559 | |
| 245 | 1 | 0 | |a Proyecto experimentación en educación matemática: 7º año ens. básica: material curricular: texto del alumno |
| 300 | |a v | ||
| 942 | |c BK | ||
| 945 | |d 19920729 00:00:00 |a mfernand | ||
| 260 | |a Santiago |b C.P.E.I.P |c 1980 | ||
| 500 | |a Texto mimeografeado | ||
| 650 | 0 | |a Matemática |9 260235 | |
| 650 | 0 | |a Educación básica |9 224933 | |
| 650 | 0 | |a Problemas, ejercicios, etc |9 259377 | |
| 651 | 7 | |a CHILE |2 CL-VaPUC |9 305560 | |
| 583 | |a last modification |c 20170816 03:14:37 |k Rodrigo Vera | ||
| 999 | |c 216418 |d 216416 | ||
| 952 | |0 0 |1 0 |4 0 |6 372_700000000000000_CEN_1980 |7 0 |8 A |9 202132 |a BIBMAT |b BIBMAT |c E_DIDACT |d 2019-11-14 |h v.1 |i 2692503 |o 372.7 CEN 1980 |p 2692503 |r 2025-01-07 |w 2019-11-14 |y BK |k MAT | ||
| 952 | |0 0 |1 0 |4 0 |6 372_700000000000000_CEN_1980 |7 0 |8 A |9 202133 |a BIBMAT |b BIBMAT |c E_DIDACT |d 2019-11-14 |h v.2 |i 2692511 |o 372.7 CEN 1980 |p 2692511 |r 2025-01-07 |w 2019-11-14 |y BK |k MAT | ||